| 000 | 00424 a2200157 4500 | ||
|---|---|---|---|
| 999 |
_c29559 _d29559 |
||
| 003 | NUST | ||
| 005 | 20180118140207.0 | ||
| 008 | 180118b xxu||||| |||| 00| 0 eng d | ||
| 020 | _a0139389024 | ||
| 020 | _a9780139389023 | ||
| 082 | _a530 | ||
| 100 | 1 |
_aChen, Min. _98781 |
|
| 245 | 1 | 0 |
_aUniversity of california, berkeley, physics problems, with solutions / _cMin Chen. |
| 260 |
_a[S.l.] : _bPrentice-Hall, _c1974. |
||
| 300 |
_a356 p. ; _c23 cm. |
||
| 700 |
_aChen, Min. _98781 |
||
| 942 |
_aSNS _cBK _k530 CHE _2ddc |
||